Selected Issues Concerning Monetary Policy and Institutional Design for Central Banks : A Review of Theories /

In the past decades, much work has been geared toward solving the problem of time inconsistency in monetary policy and analyzing the coordination problem between fiscal and monetary policy. This paper provides a review of the theoretical background to these theories, while also focusing on their inh...

Descrizione completa

Dettagli Bibliografici
Autore principale: Beddies, Christian
Natura: Periodico
Lingua:English
Pubblicazione: Washington, D.C. : International Monetary Fund, 2000.
Serie:IMF Working Papers; Working Paper ; No. 2000/140
Accesso online:Full text available on IMF
LEADER 01654cas a2200241 a 4500
001 AALejournalIMF007803
008 230101c9999 xx r poo 0 0eng d
020 |c 5.00 USD 
020 |z 9781451856118 
022 |a 1018-5941 
040 |a BD-DhAAL  |c BD-DhAAL 
100 1 |a Beddies, Christian. 
245 1 0 |a Selected Issues Concerning Monetary Policy and Institutional Design for Central Banks :   |b A Review of Theories /  |c Christian Beddies. 
264 1 |a Washington, D.C. :  |b International Monetary Fund,  |c 2000. 
300 |a 1 online resource (48 pages) 
490 1 |a IMF Working Papers 
500 |a <strong>Off-Campus Access:</strong> No User ID or Password Required 
500 |a <strong>On-Campus Access:</strong> No User ID or Password Required 
506 |a Electronic access restricted to authorized BRAC University faculty, staff and students 
520 3 |a In the past decades, much work has been geared toward solving the problem of time inconsistency in monetary policy and analyzing the coordination problem between fiscal and monetary policy. This paper provides a review of the theoretical background to these theories, while also focusing on their inherent problems. It concludes that while the literature makes a strong case for central bank independence, more work should be done in the area of determining the desirable degree of independence with a view to the interplay between fiscal and monetary policy. 
538 |a Mode of access: Internet 
830 0 |a IMF Working Papers; Working Paper ;  |v No. 2000/140 
856 4 0 |z Full text available on IMF  |u http://elibrary.imf.org/view/journals/001/2000/140/001.2000.issue-140-en.xml  |z IMF e-Library